000 00299nam a22001337a 4500
008 181029b xxu||||| |||| 00| 0 eng d
020 _a9780138016876
041 _aeng
080 _24 ED
_a370
100 _a47
101 _aEDU
245 _aIntroduction To Teaching
_cDon.K
942 _2udc
_cBK
999 _c51005
_d51005